000 00435nam a2200205Ia 4500
001 11588
003 GE_BSU
008 181216s||||||||xx |||||||||||||| ||und||
020 _a9780099493570
040 _cGE_BSU
080 _a821.111-32
100 _aGrisham,John.
245 4 _aThe innocent.
260 _aLondon
260 _bArrow books.
260 _c2007.
300 _a505p;18cm.
653 _aThe innocent.
942 _cBK
999 _c44783
_d44783